000 00596cam a22002291 4500
001 sa 66006956
003 DLC
005 20260227112300.0
008 900105s1966 ii b 000 0 urdr
010 _asa 66006956
035 _a(OCoLC)20850805
040 _aDLC
_cWaU
_dDLC
042 _apremarc
050 0 0 _aPK1971
_b.Q18
100 1 _aQādrī, Ḥāmid Ḥasan,
_d1887-1964.
245 1 0 _aDāstān-i tārīk̲h̲-i Urdū.
260 _c[1966]
300 _a1 v. (various pagings)
_c23 cm.
500 _aIn Urdu.
504 _aBibliographical footnotes.
650 0 _aUrdu philology.
999 _c70828
_d70828